000 01047nam a22002537a 4500
008 240610b mp ||||| |||| 00| 0 mon d
020 _a978-99973-1-747-6
035 _a25405
040 _aUVS1285160
_bmon
_cMN-UlNLM
_dMN-UlNLM
_erda
041 _amon
042 _a75172
084 _2NNA
_a84(7АНУ)-445
_bК 41
100 _aКинни Ж.
245 0 _aНохой гаслам халуун өдрүүд
264 _aУлаанбаатар хот
_bМонсудар хэвлэлийн газар
300 _a223х.
336 _2rdacontent
_atext
_btxt
337 _2rdamedia
_aunmediated
_bn
338 _2rdacarrier
_avolume
_bnc
490 _aДүрсгүй жаалын өдрийн тэмдэглэл
_v7
650 _aЗуны амралт боллоо. Цаг агаар дулаарч, хүүхдүүд гадаа тоглоцгоогоод л. Харин Грег Хеффли хаана байна? Тэр гэртээ, бүх цонхоо хаа...
942 _2NNA
_cBK
999 _c948124
_d948181